| 000 | 00708nam a22001934a 4500 | ||
|---|---|---|---|
| 005 | 20100909140147.0 | ||
| 020 |
_a9781842220696 _c1295.00 |
||
| 037 | _bAbilash Book Centre | ||
| 082 | 0 | 0 | _a796.357 |
| 100 |
_aMehno, John _919141 |
||
| 245 | 1 | 0 |
_aThe chronicle of baseball: _cby John Mehno _ba century of major league action / |
| 260 |
_bCarlton Books _c2000 _aLondon |
||
| 270 |
_a20 Mortimer Street _bLondon |
||
| 300 |
_a576p. _bphotos _c28cm(Hb) |
||
| 500 | _aIncludes index | ||
| 942 |
_2ddc _cEN _h796.357 _mMEH |
||
| 999 |
_c44781 _d44781 |
||